Campeones de la Copa Mundial de la FIFA - ¡Muerte súbita! - Estadísticas

Estadísticas generales
  • Esta prueba ha sido intentada 2.836 veces
    975 desde el último reinicio
  • La puntuación promedio es 7 de 8
Answers on the Grid
Answers color-coded by a green-red scale on the quiz's grid according to % correct below.
Brasil
Alemania
Italia
Argentina
Francia
Uruguay
Inglaterra
España
Países Bajos
Bélgica
Suecia
Rusia
México
Serbia
Portugal
Polonia
Suiza
Hungría
Croacia
República Checa
Austria
Chile
Estados Unidos
Dinamarca
Paraguay
Corea del Sur
Colombia
Bolivia
Japón
Costa Rica
 
Estadísticas de respuestas
Respuesta % Correcto
España
94%
Argentina
93%
Brasil
93%
Alemania
92%
Francia
92%
Italia
92%
Uruguay
90%
Inglaterra
89%
No se encontraron pruebas coincidentes
Distribución de puntuación
Porcentaje de gente con cada puntuación
Porcentaje por número respondido
Historial de tus puntuaciones
No has intentado esta prueba desde el último reinicio